• 首页
  • 本馆介绍
  • 公告通知
  • 最新文献
  • 馆藏检索
  • 电子资源
  • 读者导购
  • 参考咨询
  • 我的图书馆
  • 登录
  • 详细信息显示
  • 放入我的书架
  • 预约/预借图书
  • 作者相关作品
  • 分类相关作品
  • 丛书相关作品
  • 出版社相关作品

书目信息

  • 表格格式
  • 工作单格式
  • 卡片格式
题名:
中国动物志
    
 
作者: 张世义
分册:  
出版信息: 北京   科学出版社  2001
页数: 209
开本: 26cm
丛书名:
单 册:
中图分类: Q19
科图分类:
主题词: 生物学:分类学
电子资源:
ISBN: 7-03-008487-X
000 00627nam0 2200193 450
001 0741144344
005 20070817112544.34
010    @a7-03-008487-X@b精装@d¥32.00
100    @a20070817d km y0chiy0120 ea
101 0  @achi
200 1  @a中国动物志@Azhong guo dong wu zhi@e硬骨鱼纲 鲟形目 海鲢目 鲱形目@f张世义@Fzhang shi yi
210    @a北京@c科学出版社@d2001
215    @a209@d26cm
517 1  @a硬骨鱼纲 鲟形目 海鲢目 鲱形目@Aying gu yu gang xun xing mu hai lian mu fei xing mu
606 0  @a生物学:分类学
690    @aQ19@v3
701  0 @a张世义@Azhang shi yi
801  0 @aCN@bPFT@c20070817
905    @a213230@dQ19@en1:7@f1
    
    中国动物志:硬骨鱼纲 鲟形目 海鲢目 鲱形目/张世义.-北京:科学出版社,2001
    209;26cm
    
    
    ISBN 7-03-008487-X(精装):¥32.00
    
●
相关链接 在E读中查询图书 在五车中查询图书 在当当中查询图书 在豆瓣中查询图书


正题名:中国动物志     索取号:Q19/n1:7         预约/预借

序号 登录号 条形码 馆藏地/架位号 状态 备注
1 6600093   266000935   密集书库-生命科学系/ [索取号:Q19/n1:7] 在馆    
唐山师范学院图书馆 欢迎您!
大连网信软件有限公司© 版权所有